| 000 | 00320nam a2200121Ia 4500 | ||
|---|---|---|---|
| 005 | 20251222154359.0 | ||
| 008 | 251222s9999||||xx |||||||||||||| ||spa|| | ||
| 020 | _a84-206-4216-9 | ||
| 082 | _a336.349.85/S32 | ||
| 100 | _a"Sebastián, Luis De" | ||
| 245 | 0 | _aLa crisis de América Latina y la deuda externa | |
| 942 | _cLIB | ||
| 999 |
_c35227 _d35227 |
||